[Event "GRB-ch Universities"]
[Site "Birmingham"]
[Date "2016.02.21"]
[Round "5.4"]
[White "Levene, Joseph"]
[Black "Blake, J Morgan"]
[Result "1-0"]
[WhiteElo "1860"]
[BlackElo "1754"]
[PlyCount "102"]
[EventDate "2016.02.20"]
[EventType "team-swiss"]
[EventRounds "5"]
[EventCountry "ENG"]
[SourceTitle "CBM 170 Extra"]
[Source "ChessBase"]
[SourceDate "2016.02.25"]
[SourceVersion "1"]
[SourceVersionDate "2016.02.25"]
[SourceQuality "1"]
[WhiteTeam "Cambridge"]
[BlackTeam "Warwicks Select"]
[WhiteTeamCountry "ENG"]
[BlackTeamCountry "ENG"]

1. e4 e6 2. d4 d5 3. exd5 exd5 4. Nf3 Bg4 5. h3 Bh5 6. Qe2+ Ne7 7. Bf4 Nd7 8. Nc3 c6 9. 0-0-0 Bxf3 10. gxf3 Nf6 11. Qe5 Nd7 12. Qe3 Nf6 13. Bd3 Nh5 14. Bh2 g6 15. Rde1 Bg7 16. Re2 Bf6 17. Be5 Bxe5 18. Qxe5 f6 19. Qe3 Rf8 20. Rhe1 Rf7 21. Na4 b6 22. Qh6 Kd7 23. Qe3 Ng7 24. c4 Qf8 25. Nc3 Re8 26. Qf4 Nh5 27. Qh2 Qh6+ 28. Kb1 Qf4 29. Qg2 Qxd4 30. Re3 Nf4 31. Qg4+ f5 32. Qh4 g5 33. Qxg5 Nxd3 34. Rd1 Qf4 35. Qh5 Ng6 36. Rdxd3 Rxe3 37. fxe3 Qxc4 38. Rd1 Kc7 39. Qg5 Qh4 40. Qg2 f4 41. e4 Qg3 42. Qe2 Nh4 43. exd5 Qg6+ 44. Ka1 Qf5 45. Qa6 Kb8 46. dxc6 Qc8 47. Qc4 Rf6 48. Qd4 Qxc6 49. Qd8+ Kb7 50. Qe7+ Ka6 51. Rd7 b5 1-0

[Event "London Weekend U1800 7th"]
[Site "London"]
[Date "2015.12.05"]
[Round "2.13"]
[White "Mitchell, Robert2"]
[Black "Levene, Joseph"]
[Result "0-1"]
[WhiteElo "1613"]
[BlackElo "1793"]
[PlyCount "106"]
[EventDate "2015.12.04"]
[EventType "swiss"]
[EventRounds "5"]
[EventCountry "ENG"]
[SourceTitle "EXT 2023"]
[Source "ChessBase"]
[SourceDate "2022.10.05"]
[SourceVersion "1"]
[SourceVersionDate "2022.10.05"]
[SourceQuality "1"]

1. d4 d5 2. Nf3 Nf6 3. b3 Bf5 4. Nbd2 Nc6 5. Bb2 Nb4 6. e4 Nxe4 7. a3 Nxd2 8. axb4 Nxf3+ 9. Qxf3 Bxc2 10. Rc1 Be4 11. Qg3 c6 12. Be2 e6 13. Bc3 Bg6 14. 0-0 Bd6 15. f4 0-0 16. Bd3 Qb6 17. Bxg6 hxg6 18. Qe1 Rfe8 19. Kh1 Qc7 20. Bd2 g5 21. g3 gxf4 22. Bxf4 e5 23. dxe5 Bxe5 24. Qd2 Bxf4 25. Rxf4 Re7 26. b5 Rae8 27. bxc6 bxc6 28. Rff1 Qb6 29. Qc3 Re6 30. b4 d4 31. Qc4 R8e7 32. Rcd1 Rd7 33. Rd3 Qb5 34. Qxb5 cxb5 35. Rf4 Red6 36. Kg2 Kf8 37. Re4 f5 38. Re5 Rd5 39. Rxd5 Rxd5 40. h3 Ke7 41. Kf3 Kd6 42. Kf4 Kc6 43. g4 fxg4 44. hxg4 Rd7 45. Ke4 Re7+ 46. Kf5 Kd5 47. Rd1 Kc4 48. g5 d3 49. Kf4 Kc3 50. g6 Kc2 51. Ra1 d2 52. Ra2+ Kd1 53. Kf3 Ke1 0-1